000 00720nam a2200241 i 4500
001 144344
003 ES-MaACL
005 20231229062533.0
007 t|
008 070214s1984 sp r ||||1| spa d
020 _a84-8600829-8
245 0 3 _aUn siglo de Ortega y Gasset /
_cJulián Marías [et. al.].
250 _a1ª. ed.
260 _aMadrid :
_bMezquita,
_c1984.
300 _aXI, 134 p. ;
_c19 cm.
490 1 _aEnsayo literario ;
_v28
600 1 4 _aOrtega y Gasset, José,
_d1883-1955
_987503
700 1 _aMarías, Julián,
_d1914-2005
_976688
830 0 _aEnsayo literario ;
_v28
_9185363
852 _aES-MaACL
_jL-10301
_bR.111733
852 _aES-MaACL
_jG-635
_bR.114577
999 _c144344
_d144344